000 00417nam a22001697a 4500
003 MPLRDC
005 20220104114410.0
008 210129b ||||| |||| 00| 0 eng d
082 _a848.1 LBN-2
100 _a刘半农著; 徐瑞岳编
245 _a刘半农文选
_c
250 _a一版一刷
260 _a
_b人民文学出版社
_c1986
300 _b
650 _a现代别集
942 _cBK
_o848.1 LBN-2
999 _c7171
_d7161